000 00763nab a2200241 u 4500
001 16064
003 HDC
007 cr bn ---aaaaa
008 210221c mydr|noo 0 a may d
040 _aHDC
245 0 _aFelcra Mahu Jadi Peserta Utama Perkhidmatan Makanan Halal
260 _aMalaysia:
_bBernama,
_c2004
336 _atext
_2rdacontent
337 _acomputer
_2rdamedia
338 _aonline resource
_2rdacarrier
650 _aFood service
_9816
650 _ahalal industry
_9144
710 _aBernama
856 _zRequest full-text at [email protected]
942 _2lcc
942 _cNEWS
942 _kNSWO 008411
999 _c13380
_d13380